| 000 | 00800nam a22002297a 4500 | ||
|---|---|---|---|
| 999 |
_c9879 _d9879 |
||
| 003 | AR-CdUCM | ||
| 008 | 190328b ||||| |||| 00| 0 spa d | ||
| 040 |
_aMUNICIPALIDAD PROVINCIAL DEL CUSCO _cBIBLIOTECA MUNICIPAL DEL CUSCO |
||
| 082 |
_a345 / _bP46A / 1911 |
||
| 100 |
_aPerú. Corte Suprema de Justicia. _926386 |
||
| 245 |
_aAnales judiciales de la Corte Suprema de Justicia : _bAño judicial de 1911 Tomo VII / |
||
| 260 |
_aLima : _bImp. Americana _c1911. |
||
| 300 |
_at. _c24 cm |
||
| 500 | _aPublicación oficial | ||
| 505 | _aContenido: Anales judiciales de la Corte Suprema de Justicia : año judicial de 1911 | ||
| 650 |
_aDerecho civil _943878 |
||
| 650 |
_aPerú _943879 |
||
| 650 |
_aJusticia _98875 |
||
| 650 |
_aDerecho penal _95831 |
||
| 942 |
_2ddc _cLIBROS |
||
| 945 | _admma | ||